| 000 | 00628nam a22001937a 4500 | ||
|---|---|---|---|
| 003 | PILC | ||
| 005 | 20160523094815.0 | ||
| 008 | 160523b xxu||||| |||| 00| 0 eng d | ||
| 020 | _a9789719802594 | ||
| 050 |
_aRC 636 _b.Sa23 2015 |
||
| 100 | _aSadang, Ma. Gina M. | ||
| 245 |
_aLaboratory manual in hematology / _cMa. Gina M. Sadang, Frederick R. Llanera. |
||
| 250 | _a1st edition. | ||
| 260 |
_aQuezon City : _bC&E Publishing, Inc., _c2015. |
||
| 300 |
_avi, 227 pages : _billustrations ; _c26 cm. |
||
| 500 | _aIncludes bibliographical references. | ||
| 650 |
_aBlood _vLaboratory manuals. _xDiseases |
||
| 942 |
_2lcc _cBK |
||
| 999 |
_c294687 _d294687 |
||